Ground water markets in Pakistan: participation and productivity (Record no. 192325)

MARC details
000 -LEADER
fixed length control field 00374nam a22001337a 4500
003 - CONTROL NUMBER IDENTIFIER
control field OSt
082 ## - DEWEY DECIMAL CLASSIFICATION NUMBER
Classification number IFPRI/RR.105
100 ## - MAIN ENTRY--PERSONAL NAME
Personal name Meinzen-Dick, Ruth
245 ## - TITLE STATEMENT
Title Ground water markets in Pakistan: participation and productivity
260 ## - PUBLICATION, DISTRIBUTION, ETC. (IMPRINT)
Place of publication, distribution, etc Washington D C:
Name of publisher, distributor, etc International food policy research institute,
Date of publication, distribution, etc c1996
300 ## - PHYSICAL DESCRIPTION
Extent 76p.
546 ## - LANGUAGE
Language note English
942 ## - ADDED ENTRY ELEMENTS (KOHA)
Source of classification or shelving scheme Dewey Decimal Classification
Koha item type Report
Holdings
Lost status Source of classification or shelving scheme Damaged status Not for loan Home library Current library Date acquired Total Checkouts Full call number Barcode Date last seen Koha item type
  Dewey Decimal Classification     KAU Central Library, Thrissur KAU Central Library, Thrissur 24/08/2019   IFPRI/RR.105 200786 24/08/2019 Report
Kerala Agricultural University Central Library
Thrissur-(Dt.), Kerala Pin:- 680656, India
Ph : (+91)(487) 2372219
E-mail: librarian@kau.in
Website: http://library.kau.in/